Logo BPK

Biblioteka

Politechniki Koszalińskiej

Merriam-Webster's collegiate thesaurus. (Rekord nr 48134)

Szczegóły MARC
000 -ETYKIETA REKORDU
podpole kontrolne o stałej długości 00509nam a2200181 i 4500
001 - NUMER KONTROLNY REKORDU
pole kontrolne bgj
020 ## - MIĘDZYNARODOWY ZNORMALIZOWANY NUMER KSIĄŻKI - ISBN
ISBN 0877791694 (hbk, jacket)
040 ## - ŹRÓDŁO KATALOGOWANIA
Instytucja, która utworzyła rekord BPK
041 0# - KOD JĘZYKA
Kod języka tekstu eng
920 ## - Międzynarodowy znormalizowany numer książki – ISBN
ISBN 0-87779-169-4 (hbk, jacket)
008 - POLE O STAŁEJ DŁUGOŚCI - DANE KONTROLNE
podpole kontrolne o stałej długości s uk f |000 0 eng
245 00 - TYTUŁ/ODPOWIEDZIALNOŚĆ
Tytuł Merriam-Webster's collegiate thesaurus.
260 ## - STREFA ADRESU WYDAWNICZEGO
Miejsce wydania Springfield, Ma :
Nazwa wydawcy/dystrybutora Merriam-Webster,
Data publikacji, dystrybucji/powstania dokumentu c. 1988.
300 ## - STREFA OPISU FIZYCZNEGO
Objętość 26a, 868 pp ;
Rozmiary 26 cm.
650 #9 - HASŁO PRZEDMIOTOWE W FORMIE NAZWY OGÓLNEJ LUB JEDNOSTKOWEJ
Nazwa ogólna lub geograficzna English language
Określnik ogólny Synonyms and antonyms
655 ## - TERMIN INDEKSOWY - OKREŚLENIE RODZAJU/FORMY DOKUMENTU
Określenie rodzaju/formy dokumentu Dictionaries
942 ## - DODATKOWE ELEMENTY (KOHA)
Typ dokumentu Książka
Egzemplarze
Wycofany Status egzemplarza Uszkodzony Dostępność Lokalizacja stała Lokalizacja bieżąca Miejsce przechowywania Sygnatura Kod kreskowy Typ dokumentu
      Dostępny Biblioteka Politechniki Koszalińskiej Biblioteka Politechniki Koszalińskiej Wypożyczalnia Językowa KA 5276 09056008 Książka
© 2023 Biblioteka Politechniki Koszalińskiej :: KOHA